Prof. G Ram Reddy Library

Reforming international environmental governance (Record no. 76537)

MARC details
000 -LEADER
fixed length control field 00603nam a2200193Ia 4500
003 - CONTROL NUMBER IDENTIFIER
control field LDD
008 - FIXED-LENGTH DATA ELEMENTS--GENERAL INFORMATION
fixed length control field 181029s9999 xx 000 0 und d
020 ## - INTERNATIONAL STANDARD BOOK NUMBER
International Standard Book Number 8189640070
Terms of availability 545.00
040 ## - CATALOGING SOURCE
Transcribing agency LDD
100 ## - MAIN ENTRY--PERSONAL NAME
Personal name Chambers, W. Bradnee
245 #0 - TITLE STATEMENT
Title Reforming international environmental governance
Remainder of title from Instituional limits to in
Statement of responsibility, etc. W. Bradnee Chambers
260 ## - PUBLICATION, DISTRIBUTION, ETC.
Place of publication, distribution, etc. New Delhi
Name of publisher, distributor, etc. Bookwell
Date of publication, distribution, etc. 2006
300 ## - PHYSICAL DESCRIPTION
Extent xi, 234p
365 ## - TRADE PRICE
Price amount 545.00
901 ## - LOCAL DATA ELEMENT A, LDA (RLIN)
a 3420
b 02-11-2006
902 ## - LOCAL DATA ELEMENT B, LDB (RLIN)
a G-400/06-07
b 15-11-2006
c F
d MPD
e 32
903 ## - LOCAL DATA ELEMENT C, LDC (RLIN)
a Discount-10
b Reqst by : Narang A.S. (Dr.)
942 ## - ADDED ENTRY ELEMENTS (KOHA)
Source of classification or shelving scheme Dewey Decimal Classification
Koha item type Books
Holdings
Withdrawn status Lost status Source of classification or shelving scheme Damaged status Not for loan Home library Current library Total Checkouts Full call number Barcode Date last seen Price effective from Koha item type
No   Dewey Decimal Classification     Library and Documentation Division Library and Documentation Division   363.70526 R257 059865 11/01/2018 11/01/2018 Books

© Prof. G Ram Reddy Centre Library, Indira Gandhi National Open University, Maidan Garhi, New Delhi, 110068
+91-011-29532797 | FAX+91-011-29533393 |